Capitals Click Quiz: Countries Starting with N - Statistics

General Stats
  • This quiz has been taken 102 times
  • The average score is 10 of 11
Answer Stats
Hint Answer % Correct
Wellington New Zealand
100%
Oslo Norway
100%
Amsterdam Netherlands
99%
Pyongyang North Korea
97%
Kathmandu Nepal
94%
Skopje North Macedonia
94%
Managua Nicaragua
85%
Windhoek Namibia
81%
Yaren Nauru
76%
Abuja Nigeria
73%
Niamey Niger
66%
No matching quizzes found
Score Distribution
Percent of People with Each Score
Percentile by Number Answered
Your Score History
You have not taken this quiz